000 01017cam a22003257a 4500
003 CHAP
005 20220329142459.0
008 010605d1992 us a r 00110 eng d
010 _a84082
011 _a85054
020 _a0078817706
035 _a95584
040 _cCHAP
082 0 4 _a001.6424
_bH63
100 0 0 _aHoffman, Paul.
_955794
245 1 0 _aMicrosoft word for windows 2 made easy
_c/por Paul Hoffman
260 _aBerkeley, California :
_bMcGraw-Hill,
_c1992
300 _a303 p. :
_bilus.
590 _aBATCH-UPD
_b10
_c20130110
_lUCH01
_h0358
590 _aBATCH-UPD
_b10
_c20130110
_lUCH01
_h1936
590 _aBATCH-UPD
_b10
_c20130410
_lUCH01
_h0031
590 _aBATCH-UPD
_b10
_c20130914
_lUCH01
_h1721
590 _aCONVERSION
_b10
_c20130109
_lUCH01
_h1347
650 1 4 _aLenguajes de programación.
_965989
650 1 4 _aWord.
_9122602
901 _aBK
905 _aMarco A. Mendoza T.
942 _cLIBRO
949 _a001.6424 H63
_bBC
_cLIBRO
_d33724000819967
_eLIBRO
_gDonaciØn
_h100278
_i95584
_st
999 _c84082
_d84082